000 00536nam a2200133Ia 4500
008 170516s9999 xx 000 0 und d
245 _aRapid Automated Target Segmentation and Tracking on 4D Data without Initial Contours, Venkata V. Chebrolu, Daniel Saenz, Dinesh Tewatia, William A. Sethares, George Cannon, and Bhudatt R. Paliwal
260 _bRadiology Research and Practice
260 _c2014
300 _a:
650 _xRadiologic Technology
650 _xRadtech
856 _uhttps://www.hindawi.com/journals/rrp/contents/2/
999 _c332776
_d332776